A Practical Handbook for Trainers (Record no. 3097)

MARC details
000 -LEADER
fixed length control field 00393nam a22001577a 4500
005 - DATE AND TIME OF LATEST TRANSACTION
control field 20180811110848.0
008 - FIXED-LENGTH DATA ELEMENTS--GENERAL INFORMATION
fixed length control field 160618b xxu||||| |||| 00| 0 eng d
020 ## - INTERNATIONAL STANDARD BOOK NUMBER
ISBN 81-7929-087-5
082 ## - DEWEY DECIMAL CLASSIFICATION NUMBER
Item number 8130
Classification number 658.312 43
100 ## - MAIN ENTRY--AUTHOR NAME
Personal name Kapur, Shashi
245 ## - TITLE STATEMENT
Title A Practical Handbook for Trainers
260 ## - PUBLICATION, DISTRIBUTION, ETC. (IMPRINT)
Name of publisher Infinity Book
Year of publication 2004
300 ## - PHYSICAL DESCRIPTION
Number of Pages 243p,
650 ## - SUBJECT ADDED ENTRY--TOPICAL TERM
Topical Term Management
942 ## - ADDED ENTRY ELEMENTS (KOHA)
Koha item type Books
Holdings
Lost status Damaged status Collection code Home library Current library Shelving location Date acquired Cost, normal purchase price Full call number Accession Number Koha item type
    MANAGEMENT JRU Library JRU Library SHELF-72-B 18/06/2016 250.00 658.31243 8130 Books